000 01645cam a2200253 4500
001 ABS67937
008 040623n2004 000 0 eng u
035 _a(Sirsi) u126595
100 _aLloyd, M.
245 _aComing down your street
260 _c2004
490 _aInside Housing
_v21(23) 11 June 2004, 43-44(2)
520 _aLooks at the criticisms from local authorities and the private sector of the plans to register all private landlords in Scotland through amendments to the Anti-Social Behaviour Scotland Bill being debated by the Scottish Parliament, which stand to become law in the autumn. The proposed registration has stretched from covering rogue landlords and bad neighbours to cover an estimated 160 000 rented properties in all parts of Scotland. Some critics believe that this planned provision and the Scottish houses in multiple occupation law will drive many private landlords out of the market. View the progress of the Anti-Social Behaviour (Scotland) Bill at www.scottish.parliament.uk.
590 _aABS
590 _aABS
650 _aLICENSING OF HOUSES IN MULTIPLE OCCUPATION
650 _aNATIONAL REGISTER OF LANDLORDS
650 _aANTI-SOCIAL BEHAVIOUR (SCOTLAND) BILL
650 _aSCOTLAND
690 _aHOUSING-PRIVATE RENTED SECTOR
856 _uhttps://www.scottish.parliament.uk/bills/index.htm#12
_zView the progress of the Anti-Social Behaviour (Scotland) Bill on the Scottish Parliament website...
856 _uhttps://www.scottish.parliament.uk/bills/index.htm#12
_zView the progress of the Anti-Social Behaviour (Scotland) Bill on the Scottish Parliament website...
942 _n0
999 _c117590
_d117590